000 01180nam a2200253Ia 4500
999 _c53432
_d53432
001 20475
003 GE_BSU
005 20201209232250.0
008 181216s1965||||ge |||||||||||||| ||geo||
040 _cGE_BSU
041 _ageo
080 _a811.353.1'36(075.3) შ-21
100 _aშანიძე, ა.
_99920
245 _aქართული ენის გრამატიკა ნაწ. 2 : სინტაქსი (მარლთწერის საკითხებითურთ) /
_cა. შანიძე, ლ. კვაჭაძე ; რედ. ე. გელაშვილი
250 _aმე-2 გამოცემა
264 _aთბილისი :
_bგანათლება,
_c1965.
300 _a135 გვ. ;
_c22 სმ.
541 _h32 თ.
653 _aნაწ. 2 : სინტაქსი (მარლთწერის საკითხებითურთ)
653 _aქართული ენის გრამატიკა
700 _aშანიძე, ა.
_eავტორი
_99920
700 _aგელაშვილი, ე.
_eრედაქტორი
_97719
942 _cBK
_2udc